Problems in Macroeconomic Theory Solutions to Exercises from Thomas J. Sargent's Macroeconomic Theory, Second Edition

Salvato in:
Dettagli Bibliografici
Autore principale: Whiteman, Charles H.
Natura: Libro
Lingua:inglese
Pubblicazione: San Diego Academic Press 1987
Edizione:1. ed.
Soggetti:
Tags: Aggiungi Tag
Nessun Tag, puoi essere il primo ad aggiungerne!!

MARC

LEADER 00000nam a2200000 4500
001 c013005
005 20221221075245.8
020 |a 0-12-619752-0 
041 0 |a eng 
044 |a US 
245 1 0 |a Problems in Macroeconomic Theory  |b Solutions to Exercises from Thomas J. Sargent's Macroeconomic Theory, Second Edition  |c Charles H. Whiteman 
250 |a 1. ed. 
264 1 |a San Diego  |b Academic Press  |c 1987 
300 |a 266 s. 
610 2 0 |a teórie ekonomické 
610 2 0 |a makroekonomika 
100 1 |a Whiteman, Charles H.